| 000 | 00494cam a22002171 4500 | ||
|---|---|---|---|
| 001 | sa 63001125 | ||
| 003 | DLC | ||
| 005 | 20260227111925.0 | ||
| 008 | 910904s1962 ii 000 1 gujo | ||
| 010 | _asa 63001125 | ||
| 035 | _a(OCoLC)24331740 | ||
| 040 |
_aDLC _cWaU _dDLC |
||
| 042 | _apremarc | ||
| 050 | 0 | 0 |
_aPK1859.M45 _bR3 |
| 100 | 1 | _aMehta, Rasik. | |
| 245 | 1 | 0 | _aRaṅgabhīnī. |
| 260 | _c[1962] | ||
| 300 |
_a471 p. _c19 cm. |
||
| 500 | _aIn Gujarati. | ||
| 500 | _aA novel. | ||
| 999 |
_c53816 _d53816 |
||